South American Countries - Statistics

General Stats
  • This quiz has been taken 1,145 times
  • The average score is 10 of 12
Answer Stats
Hint Answer % Correct
Brazil
97%
Argentina
95%
Chile
94%
Peru
90%
Paraguay
89%
Bolivia
85%
Uruguay
85%
Colombia
83%
Venezuela
83%
Ecuador
80%
Suriname
75%
Guyana
74%
No matching quizzes found
Score Distribution
Percent of People with Each Score
Percentile by Number Answered
Your Score History
You have not taken this quiz